[Event "Bad Wiessee Senioren Cup 8th"]
[Site "Bad Wiessee"]
[Date "2019.05.14"]
[Round "4"]
[White "Walter, Mario E"]
[Black "Moser, Andreas"]
[Result "1/2-1/2"]
[WhiteElo "1901"]
[BlackElo "1724"]
[PlyCount "41"]
[EventDate "2019.05.11"]
[EventType "swiss"]
[EventRounds "9"]
[EventCountry "GER"]
[SourceTitle "EXT 2020"]
[Source "ChessBase"]
[SourceDate "2019.10.17"]
[SourceVersion "1"]
[SourceVersionDate "2019.10.17"]
[SourceQuality "1"]

1. Nf3 Nf6 2. g3 g6 3. Bg2 Bg7 4. d4 d6 5. 0-0 c6 6. c4 0-0 7. Nc3 Nbd7 8. e4 e5 9. h3 a6 10. a4 a5 11. Be3 b6 12. dxe5 dxe5 13. Qd6 Ba6 14. b3 Rc8 15. Rfd1 Qc7 16. Qxc7 Rxc7 17. Ne1 Re8 18. Rd2 Bf8 19. Nd3 Rb7 20. f3 Nh5 21. g4 1/2-1/2